000 00345 a2200121 4500
001 ART_39453
005 20260410161736.0
008 260409a
245 1 0 _aTiempos difíciles
100 1 _aLopez Murphy, Ricardo H.
700 1 _aBotana, Natalio
773 0 _tEjecutivos de finanzas
_g- Año 8, Nª 69 (set. 1990)
_wREV2863
999 _c18299
_d18299